Citizens and subjects: The Netherlands, for example/ (Record no. 2635)

MARC details
000 -LEADER
campo de control de longitud fija 00707nam a2200205 4500
003 - IDENTIFICADOR DE NÚMERO DE CONTROL
campo de control OSt
005 - FECHA Y HORA DE LA ÚLTIMA TRANSACCIÓN
campo de control 20221116134445.0
008 - DATOS DE LONGITUD FIJA--INFORMACIÓN GENERAL
campo de control de longitud fija 221111b |||||||| |||| 00| 0 eng d
020 ## - NÚMERO INTERNACIONAL ESTÁNDAR DEL LIBRO
Número Internacional Estándar del Libro 978 3 905770 73 5
040 ## - FUENTE DE CATALOGACIÓN
Centro/agencia transcriptor Biblioteca Lado V
082 ## - NÚMERO DE LA CLASIFICACIÓN DECIMAL DEWEY
Número de clasificación 700.74
Número de ítem B588c
110 ## - ENTRADA PRINCIPAL--NOMBRE DE ENTIDAD CORPORATIVA
Término indicativo de función/relación autor
9 (RLIN) 422
Nombre de entidad corporativa o nombre de jurisdicción como elemento de entrada La Biennale de Venezia
245 ## - MENCIÓN DEL TÍTULO
Título Citizens and subjects: The Netherlands, for example/
260 ## - PUBLICACIÓN, DISTRIBUCIÓN, ETC.
Lugar de publicación, distribución, etc. Irlanda
-- USA
-- UK
-- Francia
Fecha de publicación, distribución, etc. 2007
Nombre del editor, distribuidor, etc. Mondriaan Stichting
300 ## - DESCRIPCIÓN FÍSICA
Extensión 334p.
Dimensiones 17x22cm
650 ## - PUNTO DE ACCESO ADICIONAL DE MATERIA--TÉRMINO DE MATERIA
Fuente del encabezamiento o término Tesauro de Arte & Arquitectura
Término de materia o nombre geográfico como elemento de entrada BIENAL
650 ## - PUNTO DE ACCESO ADICIONAL DE MATERIA--TÉRMINO DE MATERIA
Fuente del encabezamiento o término Tesauro de Arte & Arquitectura
Término de materia o nombre geográfico como elemento de entrada ARTE IRLANDES
650 ## - PUNTO DE ACCESO ADICIONAL DE MATERIA--TÉRMINO DE MATERIA
Fuente del encabezamiento o término Tesauro de Arte & Arquitectura
Término de materia o nombre geográfico como elemento de entrada ARTE
942 ## - ELEMENTOS DE ENTRADA SECUNDARIOS (KOHA)
Fuente del sistema de clasificación o colocación Clasificación Decimal Dewey
Tipo de ítem Koha Libros
Parte de la signatura que corresponde a la clasificación (Parte de la clasificación) 700.74
Parte de la signatura que identifica el ejemplar (Parte del ítem) B588c
Suprimir en OPAC No
Holdings
Estatus retirado Estado de pérdida Fuente del sistema de clasificación o colocación Estado de daño No para préstamo Biblioteca de origen Biblioteca actual Fecha de adquisición Número de inventario Total de préstamos Signatura topográfica completa Código de barras Visto por última vez Precio de reemplazo Tipo de ítem Koha
    Clasificación Decimal Dewey     Biblioteca LadoV Biblioteca LadoV 16/11/2022 002004   700.74 B588c 002004 16/11/2022 16/11/2022 Libros